000 01011nam a2200265Ia 4500
003 OSt
005 20221005111328.0
006 a|||||r|||| 00| 0
007 ta
008 221004b |||||||| |||| 00| 0 hin d
020 _a9789350001219 (hbk)
_c250
024 _a13905
037 _b343, 20/03/2014, Vani Prakashan
_cTextual
040 _aCRL
_cCRL
_bhin
041 _2hin
_ahin
082 _aO44v, 152M6;P2
100 _aशर्मा, रामविलास
245 0 _aभारतीय साहित्य के इतिहास की सम्स्याएॅं
246 _aBhāratīya sāhitya ke itihās kī samsyāeॅan
260 _aनई दिल्ली
_bवाणी प्रकाशन भारत
_c2012
300 _a146पृ0
_ccm.
650 _aहिन्दी साहित्य
942 _hO44v, 152M6;P2
_cTEXL
_2cc
999 _c1021509
_d1021509